01687nam a2200409Ia 4500001001200000003000800012006001900020007001500039008004100054010001700095020003600112020003900148020002600187040002100213035002100234050002800255082001500283100002700298245012200325260005000447300002300497440004100520504005100561533015200612650006500764650006700829650003300896650003500929650002700964650002900991650003301020650003501053655002901088710001701117856012601134999001701260ebr10607823CaPaEBRm u cr cn|||||||||090515s2009 nyua sb 001 0 eng d z 2009020469 z0895033283 (cloth : alk. paper) z9780895033284 (cloth : alk. paper) z9780895037121 (ebook) aCaPaEBRcCaPaEBR a(OCoLC)81328580214aHD9787.I552bM37 2009eb04a363.192221 aMarkkanen, Pia,d1966-10aShoes, glues, and homeworkh[electronic resource] :bdangerous work in the global footwear industry /cPia Markkanen. aAmityville, N.Y. :bBaywood Pub. Co.,cc2009. axv, 103 p. :bill. 0aWork, health, and environment series aIncludes bibliographical references and index. aElectronic reproduction.bPalo Alto, Calif. :cebrary,d2011.nAvailable via World Wide Web.nAccess may be limited to ebrary affiliated libraries. 0aFootwear industryxEmployeesxHealth and hygienezIndonesia. 0aFootwear industryxEmployeesxHealth and hygienezPhilippines. 0aGluexToxicologyzIndonesia. 0aGluexToxicologyzPhilippines. 0aHome laborzIndonesia. 0aHome laborzPhilippines. 0aWork environmentzIndonesia. 0aWork environmentzPhilippines. 7aElectronic books.2local2 aebrary, Inc.40uhttp://site.ebrary.com/lib/rucke/Doc?id=10607823zAn electronic book accessible through the World Wide Web; click to view c97369d97369